Normal view
MARC view
- Aijaz, Rukhma
Entry Personal Name
001 - CONTROL NUMBER
- control field: 125074
003 - CONTROL NUMBER IDENTIFIER
- control field: NUST
005 - DATE AND TIME OF LATEST TRANSACTION
- control field: 20240809120501.0
008 - FIXED-LENGTH DATA ELEMENTS
- fixed length control field: 240809|| aca||aabn | a|a d
040 ## - CATALOGING SOURCE
- Original cataloging agency: NUST
- Transcribing agency: NUST
100 ## - HEADING--PERSONAL NAME
- Personal name: Aijaz, Rukhma
670 ## - SOURCE DATA FOUND
- Source citation: Work cat.: (NUST): Aijaz, Rukhma, Exploring the Impact of DST and Animations on Students' Science Skills/
